[Event "Bucaramanga Udi Cup"]
[Site "Bucaramanga"]
[Date "2014.10.18"]
[Round "6"]
[White "Jerez Camargo, Cristian F"]
[Black "Quintero Rangel, Edwin"]
[Result "1/2-1/2"]
[WhiteElo "1766"]
[BlackElo "1886"]
[PlyCount "52"]
[EventDate "2014.10.15"]
[EventType "swiss"]
[EventRounds "9"]
[EventCountry "COL"]
[SourceTitle "EXT 2015"]
[Source "ChessBase"]
[SourceDate "2014.11.20"]
[SourceVersion "1"]
[SourceVersionDate "2014.11.20"]
[SourceQuality "1"]

1. d4 d5 2. c4 e6 3. Nc3 Nf6 4. Bg5 Be7 5. Nf3 h6 6. Bf4 Bd6 7. Bxd6 cxd6 8. cxd5 exd5 9. e3 0-0 10. Qb3 Qa5 11. Bd3 Nc6 12. 0-0 Rb8 13. Bb5 Be6 14. Rac1 a6 15. Bd3 Rfc8 16. a3 b5 17. Ne2 Ne7 18. Nf4 Rc7 19. Nxe6 fxe6 20. e4 Rbc8 21. Rxc7 Qxc7 22. e5 Nd7 23. exd6 Qxd6 24. Re1 Rc6 25. Bb1 Qc7 26. Qe3 Kh8 1/2-1/2